rowing Quiz - Statistics

General Stats
  • This quiz has been taken 180 times
  • The average score is 16 of 23
Answer Stats
Hint Answer % Correct
1 rower single
88%
2 rowers, 4 oars double
87%
4 rowers 8 oars quad
87%
8 rowers, 8 oars eight
86%
the person who does not row coxswain
83%
4 rowers, 4 oars four
82%
name for a race regatta
80%
two oars per rower sculling
79%
2 rowers, 2 oars pair
78%
distance for spring racing 2k
73%
one oar per rower sweeping
73%
what coxswains use to track data cox box
70%
distance for summer racing 1k
69%
distance for fall racing 5k
69%
uniforms athletes wear uni
65%
the rower in bow bow seat
63%
metal part that holds the oars rigger
63%
the rower in stern stroke seat
62%
what the coaches drive launch
60%
turns boat, part of the skeg rudder
56%
name for the hull shell
52%
fin at the bottom of the boat skeg
38%
part of the boat you put on your shoulder gunnel
35%
No matching quizzes found
Score Distribution
Percent of People with Each Score
Percentile by Number Answered
Your Score History
You have not taken this quiz